Data structures and algorithms in C++
Saved in:
| Hovedforfatter: | |
|---|---|
| Andre forfattere: | , |
| Format: | Bog |
| Sprog: | engelsk |
| Udgivet: |
New Delhi, India
John Wiley and Sons, Inc
2016
|
| Udgivelse: | Second Edition |
| Fag: | |
| Tags: |
Tilføj Tag
Ingen Tags, Vær først til at tagge denne postø!
|
MARC
| LEADER | 00000cam a2200000 a 4500 | ||
|---|---|---|---|
| 001 | UCC9813 | ||
| 003 | CL-VaPUC | ||
| 005 | 20230629131657.0 | ||
| 008 | 191111e20110000us eng d | ||
| 999 | |c 423242 |d 423240 | ||
| 020 | |a 9788126562923 | ||
| 040 | |c Pontificia Universidad Católica de Valparaíso | ||
| 082 | 0 | 4 | |a 005.1 GOO 2016 |
| 100 | |a Goodrich, Michael T. |e autor |9 605139 | ||
| 245 | 1 | 0 | |a Data structures and algorithms in C++ |
| 250 | |a Second Edition |b Wiley Student Edition | ||
| 260 | |b John Wiley and Sons, Inc |c 2016 |a New Delhi, India | ||
| 300 | |a 736 páginas | ||
| 583 | |a last modification |c 20191111 01:17:00 |k Cristina Rojas | ||
| 650 | 0 | 7 | |a ESTRUCTURA DE DATOS |2 CL-VaPUC |9 406477 |
| 650 | 0 | 0 | |a Algoritmos |9 260639 |
| 650 | 0 | 0 | |a Programación de computadores |9 259531 |
| 650 | 0 | 0 | |a Lenguaje de computación |9 370041 |
| 700 | 1 | |a Tamassia, Roberto |9 605140 | |
| 700 | 1 | |a Mount, David M |9 605141 | |
| 942 | |c BK |2 ddc | ||
| 952 | |0 0 |1 0 |2 ddc |4 0 |6 005_100000000000000_GOO_2016 |7 0 |8 A |9 562296 |a BIBGIM |b BIBGIM |d 2020-04-02 |e 73 |g 21149.00 |i 5575605 |o 005.1 GOO 2016 |p 5575605 |r 2025-01-15 |t 1 |v 21149.00 |w 2020-04-02 |y BK |k EST | ||